000 00321nam a2200109Ia 4500
008 171205s9999 xx 000 0 und d
020 _a9781635493658
100 _aBurton, Gabe.
245 _cGabe Burton
_aEnrepreneurship and Small Business Management
260 _bLarsen and Keller Education
_c2017
300 _a241 pages
999 _c347438
_d347438